000 00610nam a2200253Ia 4500
003 OSt
005 20221006151905.0
006 a|||||r|||| 00| 0
007 ta
008 221006b |||||||| |||| 00| 0 eng d
020 _c567.00
024 _a23,829
037 _cTextual
040 _aEASL
_cEASL
_beng
041 _2eng
_aeng
100 _aBENSON L Ed.
_9660230
245 0 _aKazaks of China
260 _an
_bn
_c1988
300 _a250p.
_ccm.
490 _v CEL
700 _a SVANBERG J Ed.
_9660231
942 _cTEXL
_2CC
999 _c1091915
_d1091915